[Event "ARG-ch U12 m"]
[Site "Villa Giardino"]
[Date "2016.05.21"]
[Round "2.4"]
[White "Rodriguez, Mathias"]
[Black "Zandrino, Faustino"]
[Result "1/2-1/2"]
[WhiteElo "1550"]
[BlackElo "1422"]
[PlyCount "22"]
[EventDate "2016.05.21"]
[EventType "tourn"]
[EventRounds "9"]
[EventCountry "ARG"]
[SourceTitle "EXT 2024"]
[Source "ChessBase"]
[SourceDate "2023.10.10"]
[SourceVersion "1"]
[SourceVersionDate "2023.10.10"]
[SourceQuality "1"]

1. e4 e5 2. Nf3 Nf6 3. Nc3 Nc6 4. Bb5 d6 5. 0-0 Be6 6. h3 Be7 7. Qe2 0-0 8. Nd1 d5 9. exd5 Qxd5 10. Ne3 Qc5 11. c3 Ne4 1/2-1/2